All currently ranked UFC fighters - Statistics

General Stats
  • This quiz has been taken 583 times
    26 since last reset
  • The average score is 64 of 176
Answer Stats
Hint Answer % Correct
Champion Joshua Van
90%
Champion Alexander Volkanovski
80%
3 Charles Oliveira
80%
1 Alexandre Pantoja
80%
Champion Ilia Topuria
80%
1 Merab Dvalishvili
75%
Champion Islam Makhachev
75%
Interim Champion Justin Gaethje
75%
Champion Petr Yan
75%
12 Vinicius Oliveira
75%
Champion Carlos Ulberg
70%
1 Ciryl Gane
70%
2 Alex Pereira
70%
3 Jiří Procházka
70%
Champion Khamzat Chimaev
70%
1 Magomed Ankalaev
70%
4 Max Holloway
70%
2 Sean O'Malley
70%
3 Tatsuro Taira
70%
Champion Tom Aspinall
70%
2 Arman Tsarukyan
65%
4 Brandon Royval
65%
5 Aljamain Sterling
60%
4 Belal Muhammad
60%
12 Beneil Dariush
60%
9 Brandon Moreno
60%
2 Diego Lopes
60%
1 Dricus Du Plessis
60%
1 Jack Della Maddalena
60%
7 Kamaru Usman
60%
2 Manel Kape
60%
3 Michael Morales
60%
6 Paddy Pimblett
60%
3 Sean Strickland
60%
2 Umar Nurmagomedov
60%
4 Cory Sandhagen
55%
6 Curtis Blaydes
55%
9 Derrick Lewis
55%
2 Ian Machado Garry
55%
4 Jan Błachowicz
55%
9 Joaquin Buckley
55%
11 Joselyne Edwards
55%
5 Josh Hokit
55%
8 Leon Edwards
55%
12 Melquizael Costa
55%
15 Paulo Costa
55%
13 Aaron Pico
50%
2 Alexander Volkov
50%
14 Angela Hill
50%
5 Benoît Saint-Denis
50%
5 Carlos Prates
50%
13 Charles Johnson
50%
5 Kyoji Horiguchi
50%
9 Israel Adesanya
50%
6 Jamahal Hill
50%
13 Johnny Walker
50%
3 Lerone Murphy
50%
7 Mateusz Gamrot
50%
1 Movsar Evloev
50%
7 Paulo Costa
50%
7 Amir Albazi
45%
15 Bruno Silva
45%
5 Caio Borralho
45%
8 Dan Hooker
45%
6 Sean Brady
45%
9 Dominick Reyes
45%
6 Jean Silva
45%
9 Karine Silva
45%
5 Khalil Rountree Jr.
45%
6 Lone'er Kavanagh
45%
13 Michael Chandler
45%
2 Nassourdine Imavov
45%
1 Natalia Silva
45%
11 Payton Talbott
45%
5 Song Yadong
45%
4 Yair Rodriguez
45%
8 Arnold Allen
40%
8 Azamat Murzakanov
40%
10 Bogdan Guskov
40%
4 Brendan Allen
40%
14 Daniel Rodriguez
40%
7 Deiveson Figueiredo
40%
6 Joe Pyfer
40%
12 Marcin Tybura
40%
10 Marlon Vera
40%
12 Michael Page
40%
15 Patricio Pitbull
40%
9 Renato Moicano
40%
3 Sergei Pavlovich
40%
6 Ailin Perez
35%
10 Alex Perez
35%
11 Gilbert Burns
35%
8 Mario Bautista
35%
10 Mauricio Ruffy
35%
11 Rafael Fiziev
35%
8 Reinier De Ridder
35%
14 Tagir Ulanbekov
35%
13 Tallison Teixeira
35%
4 Waldo Cortes Acosta
35%
7 Youssef Zalal
35%
7 Anthony Hernandez
30%
8 Asu Almabayev
30%
15 Colby Covington
30%
10 Ante Delija
30%
15 Farès Ziam
30%
10 Kevin Vallejos
30%
6 Serghei Spivac
30%
15 Shamil Gaziev
30%
9 Steve Garcia
30%
Champion Valentina Shevchenko
30%
12 Aleksandar Rakić
25%
11 Brian Ortega
25%
13 Christian Leroy Duncan
25%
11 Tim Elliott
25%
10 Gabriel Bonfim
25%
Champion Mackenzie Dern
25%
14 Manuel Torres
25%
10 Robert Whittaker
25%
12 Steve Erceg
25%
11 Tyrell Fortune
25%
13 Uroš Medić
25%
1 Weili Zhang
25%
6 Aiemann Zahabi
20%
3 Alexa Grasso
20%
9 David Martinez
20%
14 David Onama
20%
12 Gregory Rodrigues
20%
8 Karol Rosa
20%
Champion Kayla Harrison
20%
14 Mick Parkin
20%
13 Nikita Krylov
20%
8 Rizvan Kuniev
20%
14 Roman Dolidze
20%
11 Volkan Oezdemir
20%
11 Jared Cannonier
15%
5 Maycee Barber
15%
2 Raquel Pennington
15%
13 Raul Rosas Jr.
15%
3 Virna Jandiroba
15%
15 Alonzo Menifield
10%
7 Amanda Lemos
10%
10 Amanda Ribas
10%
1 Julianna Peña
10%
4 Erin Blanchfield
10%
15 Farid Basharat
10%
2 Manon Fiorot
10%
14 Montel Jackson
10%
8 Tracy Cortez
10%
12 Denise Gomes
5%
9 Jéssica Andrade
5%
7 Tabatha Ricci
5%
2 Tatiana Suarez
5%
13 Alexia Thainara
0%
15 Bia Mesquita
0%
11 Casey O'Neill
0%
13 Eduarda Moura
0%
11 Fatima Kline
0%
15 Gabriella Fernandes
0%
5 Gillian Robertson
0%
6 Irene Aldana
0%
10 Jacqueline Cavalcanti
0%
7 Jasmine Jasudavicius
0%
14 JJ Aldrich
0%
4 Ketlen Vieira
0%
6 Loopy Godinez
0%
14 Luana Santos
0%
9 Macy Chiasson
0%
12 Mayra Bueno Silva
0%
10 Miranda Maverick
0%
15 Mizuki
0%
13 Nora Cornolle
0%
3 Norma Dumont
0%
6 Rose Namajunas
0%
12 Wang Cong
0%
5 Yana Santos
0%
4 Yan Xiaonan
0%
No matching quizzes found
Score Distribution
Percent of People with Each Score
Percentile by Number Answered
Your Score History
You have not taken this quiz since the last reset